| 000 | 00580cam a22002171 4500 | ||
|---|---|---|---|
| 001 | sa 68007641 | ||
| 003 | DLC | ||
| 005 | 20260227112524.0 | ||
| 008 | 890328s1967 xx 000 0 tam | ||
| 010 | _asa 68007641 | ||
| 035 | _a(OCoLC)23552997 | ||
| 040 |
_aDLC _cMiU _dDLC |
||
| 042 | _apremarc | ||
| 050 | 0 | 0 |
_aPL4758.9.M78 _bU9 |
| 100 | 1 |
_aMurthy, V K _d1926- |
|
| 245 | 1 | 0 | _aUyirc cirippu. |
| 260 | _c[1967] | ||
| 300 |
_a314 p. _c19 cm. |
||
| 500 | _aIn Tamil. | ||
| 500 | _aA novel previously published serially in Tinamaṇi katir under title: Eṅkirunto vantāl. | ||
| 999 |
_c81947 _d81947 |
||